MyGZULibrary

Creativity : (Record no. 208)

MARC details
000 -LEADER
fixed length control field 00936cam a2200277 a 4500
001 - CONTROL NUMBER
control field 3522993
003 - CONTROL NUMBER IDENTIFIER
control field GZU
005 - DATE AND TIME OF LATEST TRANSACTION
control field 20200714103812.0
008 - FIXED-LENGTH DATA ELEMENTS--GENERAL INFORMATION
fixed length control field 960102s1996 nyu b 001 0 eng
010 ## - LIBRARY OF CONGRESS CONTROL NUMBER
LC control number 96004116
020 ## - INTERNATIONAL STANDARD BOOK NUMBER
International Standard Book Number 0060171332
040 ## - CATALOGING SOURCE
Original cataloging agency DLC
Transcribing agency DLC
Modifying agency DLC
050 00 - LIBRARY OF CONGRESS CALL NUMBER
Classification number BF408
Item number .C77 1996
082 00 - DEWEY DECIMAL CLASSIFICATION NUMBER
Classification number 153.3/5
Edition number 20
100 1# - MAIN ENTRY--PERSONAL NAME
Personal name Csikszentmihalyi, Mihaly.
245 10 - TITLE STATEMENT
Title Creativity :
Remainder of title flow and the psychology of discovery and invention /
Statement of responsibility, etc. Mihaly Csikszentmihalyi.
250 ## - EDITION STATEMENT
Edition statement 1st ed.
260 ## - PUBLICATION, DISTRIBUTION, ETC.
Place of publication, distribution, etc. New York :
Name of publisher, distributor, etc. HarperCollinsPublishers,
Date of publication, distribution, etc. c1996.
300 ## - PHYSICAL DESCRIPTION
Extent viii, 456 p. ;
Dimensions 25 cm.
504 ## - BIBLIOGRAPHY, ETC. NOTE
Bibliography, etc. note Includes bibliographical references (p. [429]-442) and index.
650 #0 - SUBJECT ADDED ENTRY--TOPICAL TERM
Topical term or geographic name entry element Creative ability.
650 #0 - SUBJECT ADDED ENTRY--TOPICAL TERM
Topical term or geographic name entry element Creative thinking.
906 ## - LOCAL DATA ELEMENT F, LDF (RLIN)
a 7
b cbc
c orignew
d 1
e ocip
f 19
g y-gencatlg
942 ## - ADDED ENTRY ELEMENTS (KOHA)
Source of classification or shelving scheme Library of Congress Classification
Koha item type Books
Edition 1st
Classification part 408
Item part CSI
Call number prefix BF
Call number suffix 1996
Holdings
Withdrawn status Lost status Damaged status Not for loan Collection code Home library Current library Shelving location Date acquired Total Checkouts Full call number Barcode Date last seen Copy number Price effective from Koha item type
        Non-fiction City Campus Library City Campus Library General Stacks 07/14/2020   BF408 CSI 1996 025093 07/14/2020 c.1 07/14/2020 Books
        Non-fiction City Campus Library City Campus Library General Stacks 07/14/2020   BF408 CSI 1996 025094 07/14/2020 c.2 07/14/2020 Books
        Non-fiction City Campus Library City Campus Library General Stacks 07/14/2020   BF408 CSI 1996 025095 07/14/2020 c.3 07/14/2020 Books
        Non-fiction City Campus Library City Campus Library General Stacks 07/14/2020   BF408 CSI 1996 025092 07/14/2020 c.4 07/14/2020 Books